UBT Library

Altruism and economy : (Record no. 42945)

000 -LEADER
fixed length control field 00578cam a2200217 i 4500
001 - CONTROL NUMBER
control field 3209084
005 - DATE AND TIME OF LATEST TRANSACTION
control field 20180220091223.0
008 - FIXED-LENGTH DATA ELEMENTS--GENERAL INFORMATION
fixed length control field 780406s1978 nyua b 001 0 eng
010 ## - LIBRARY OF CONGRESS CONTROL NUMBER
LC control number 78007496
020 ## - INTERNATIONAL STANDARD BOOK NUMBER
International Standard Book Number 0195200667 :
Terms of availability $15.95
040 ## - CATALOGING SOURCE
Original cataloging agency DLC
Transcribing agency DLC
Modifying agency DLC
041 ## - LANGUAGE CODE
Language code of text/sound track or separate title eng
080 ## - UNIVERSAL DECIMAL CLASSIFICATION NUMBER
Universal Decimal Classification number 330.1 COL
082 00 - DEWEY DECIMAL CLASSIFICATION NUMBER
Classification number 330.1 COL
100 1# - Rafti
Rafti 52
101 ## - Shkurtesa
Shkurtesa EKO
245 10 - TITLE STATEMENT
Title Altruism and economy :
Statement of responsibility, etc David Collard.
504 ## - BIBLIOGRAPHY, ETC. NOTE
Bibliography, etc Bibliography: p. 205-216.
906 ## - LOCAL DATA ELEMENT F, LDF (RLIN)
a 7
b cbc
c orignew
d 1
e ocip
f 19
g y-gencatlg
942 ## - ADDED ENTRY ELEMENTS (KOHA)
Source of classification or shelving scheme
Item type Books
Holdings
Withdrawn status Lost status Source of classification or shelving scheme Damaged status Not for loan Collection code Permanent location Current location Shelving location Date acquired Total Checkouts Full call number Barcode Date last seen Price effective from Koha item type
          Koleksioni i përgjithshem UBT - Lipjan UBT - Lipjan Koleksioni i përgjithshem 02/20/2018   330.1 COL 002-2998252 02/20/2018 02/20/2018 Books
UBT Library © 2015-2024. All rights reserved University Education for Business and Technology